000 00864aab a2200205 i 4500
001 768714001
003 CO-MdFUSB
005 20230426112743.0
008 221108s2003 ||||| |||| 00| 0 spa d
040 _bspa
_cCO-MdFUSB
_dCO-MdFUSB
041 _aspa
100 1 _aHernández, Juan (1921- )
_eautor
245 1 3 _aLa esperanza que nace del amor de los mártires
_c/ Juan Hernández
300 _aNúmero 299 (febrero 2003), Páginas 149-159
_c; 21 cm
520 _aEn un primer momento, la muerte de los mártires no genera esperanza. De ella naca más bien una profunda frustración, un horror indescriptible, una aguda cólera, una pavorosa indefensión y una grave desesperanza.
650 0 _91113
_aEsperanza de vida
653 _aMártires
773 0 _tConcilium
_049450
_960414
_gNúmero 299 (febrero 2003), Páginas 149-159
_qPáginas 149
942 _cANA
999 _c49916
_d49916